header

Shattered applause (Record no. 241670)

MARC details
000 -LEADER
fixed length control field 01591nam a2200409 a 4500
082 04 - DEWEY DECIMAL CLASSIFICATION NUMBER
Classification number 792/.028/092
-- B
100 1# - MAIN ENTRY--AUTHOR NAME
Personal name Schanke, Robert A.,
245 10 - TITLE STATEMENT
Title Shattered applause
260 ## - PUBLICATION, DISTRIBUTION, ETC. (IMPRINT)
Place of publication Carbondale :
Name of publisher Southern Illinois University Press,
Year of publication c1992.
300 ## - PHYSICAL DESCRIPTION
Number of Pages xxii, 319 p., [41] p. of plates :
Other physical details ill.
500 ## - GENERAL NOTE
General note Paperback edition 2010.
650 #0 - SUBJECT ADDED ENTRY--TOPICAL TERM
Topical Term Actors
Topical Term Lesbians
700 1# - ADDED ENTRY--PERSONAL NAME
Personal name Sarton, May,
856 40 - ELECTRONIC LOCATION AND ACCESS
Uniform Resource Identifier http://site.ebrary.com/lib/rucke/Doc?id=10469371

No items available.

© 2026 Rongo University
Contact us: librarian | system librarian | Rongo university